000 00307nam a22001457a 4500
008 230316b ||||| |||| 00| 0 eng d
020 _a9781902617077
041 _aeng
080 _a72
082 _a72EPT
100 _a19
101 _aART
245 _aFURNITURE FACELIFTS
_cEPTON.S
942 _2udc
_cBK
999 _c59364
_d59364